000 00684nam a2200253Ia 4500
003 OSt
005 20220918163251.0
006 a|||||r|||| 00| 0
007 ta
008 220917b |||||||| |||| 00| 0 eng d
020 _a0 485 12016 X
024 _a20,138
037 _cTextual
040 _aARTS
_cARTS
_beng
041 _2eng
_aeng
082 _aO111,3:g, K4
100 _aHardy B.
_912378
245 0 _aAppropriate from
_b An essay on the novel
260 _aLondon
_bAthlone Press
_c1971
300 _a218p.
_ccm.
650 _aENGLISH LITERATURE; ENGLISH FICTION
_912379
942 _hO111,3:g, K4
_cTEXL
_2CC
999 _c118805
_d118805